000 00715nam a2200205Ia 4500
999 _c53135
_d53135
001 20174
003 GE_BSU
005 20250627115306.0
008 181216s1982||||ru |||||||||||||| ||rus||
040 _cGE_BSU
080 _a612(075.8) Ф-76
100 _aФомин, Н. А.
_925085
245 _aФизиология Человека /
_bУчеб. пособ. для студ. фак. физ. пед. ин-тов /
_cН. А. Фомин ; Ред. : В. И. Полетаева.
264 _aМосква :
_bПросвешение,
_c1982.
300 _a320 стр. :
_bил. ;
_c22 см.
541 _h7Л,
653 _aФизиология
653 _aФизиология Человека
942 _cBK
_2udc